Aktuálne problémy menovej politiky eurozóny bakalárska práca

Uložené v:
Podrobná bibliografia
Hlavný autor: Martišková, Veronika
Korporativný autor: Národohospodárska fakulta EU. Katedra bankovníctva a medzinárodných financií
Ďalší autori: Zelenková, Natália, 1985-
Médium: Kniha
Jazyk:Slovak
Vydavateľské údaje: Bratislava 2017
Tagy: Pridať tag
Žiadne tagy, Buďte prvý, kto otaguje tento záznam!

MARC

LEADER 00000nbm a2200000 4500
001 0233799
005 20190405083009.8
041 0 |a slo 
044 |a SK 
245 1 0 |a Aktuálne problémy menovej politiky eurozóny  |b bakalárska práca  |c Veronika Martišková ; školiteľ: Natália Zelenková 
264 1 |a Bratislava  |c 2017 
300 |a 63 s. 
100 1 |a Martišková, Veronika 
700 1 |a Zelenková, Natália, 1985- 
710 2 |a Národohospodárska fakulta EU. Katedra bankovníctva a medzinárodných financií